Famous Cities in the U.S.A - Statistics

General Stats
  • This quiz has been taken 46 times
  • The average score is 11 of 16
Answer Stats
Picture Answer % Correct
Los Angeles
98%
Las Vegas
95%
New York City
95%
Washington D.C
95%
Miami
88%
Seattle
85%
Chicago
83%
San Francisco
83%
Boston
68%
Houston
63%
New Orleans
60%
San Diego
55%
Philadelphia
53%
Honolulu
48%
Orlando
48%
Juneau
25%
No matching quizzes found
Score Distribution
Percent of People with Each Score
Percentile by Number Answered
Your Score History
You have not taken this quiz